GETS Theological Seminary Library

The meaning of persons (Record no. 30587)

MARC details
000 -LEADER
fixed length control field 00431nam a2200169Ia 4500
008 - FIXED-LENGTH DATA ELEMENTS--GENERAL INFORMATION
fixed length control field 201124s9999||||xx |||||||||||||| ||und||
020 ## - INTERNATIONAL STANDARD BOOK NUMBER
International Standard Book Number 0334009936
020 ## - INTERNATIONAL STANDARD BOOK NUMBER
International Standard Book Number 9780334009931
041 ## - LANGUAGE CODE
Language code of text/sound track or separate title eng
050 ## - LIBRARY OF CONGRESS CALL NUMBER
Classification number BF698
Item number .T63 1957
100 ## - MAIN ENTRY--PERSONAL NAME
Personal name Tournier, Paul
245 #4 - TITLE STATEMENT
Title The meaning of persons
Remainder of title /
Statement of responsibility, etc. Paul Tournier
260 ## - PUBLICATION, DISTRIBUTION, ETC.
Place of publication, distribution, etc. London :
Name of publisher, distributor, etc. SCM Press,
300 ## - PHYSICAL DESCRIPTION
Extent 238 p. 
Other physical details ;
Dimensions 22 cm.
650 ## - SUBJECT ADDED ENTRY--TOPICAL TERM
Topical term or geographic name entry element Personality.
Holdings
Withdrawn status Lost status Damaged status Not for loan Home library Current library Shelving location Date acquired Total Checkouts Full call number Barcode Date last seen Price effective from Koha item type
        GETS Theological Seminary Library GETS Theological Seminary Library General Stacks 11/24/2020   BF698 .T63 1957 00018097 11/24/2020 11/24/2020 English Books
OpacCredits

Contact the Librarian, GETS Library
Email: library@mygets.org









Implemented by GETS Library
(Powered by ETCA Professional Group)
GETS Theological Seminary
412 E. Rowland Street, CA 91723